| 000 | 00791nam a22002297a 4500 | ||
|---|---|---|---|
| 005 | 20220208100132.0 | ||
| 008 | 220208b ||||| |||| 00| 0 eng d | ||
| 020 | _a0333378695 | ||
| 040 | _cAL | ||
| 041 | _aEnglish | ||
| 082 |
_223 _a335 _bWILE |
||
| 100 |
_aJozef Wilczynski _917516 |
||
| 245 | _aEncyclopedic dictionary of marxism socialism and communism : economic, philosophical, political and sociological theories, concepts, institutions and practices _ classical and modern, East-West relations included | ||
| 260 |
_aLondon _bThe Macmillan press LTD _c1981 |
||
| 300 |
_a660 p. _bPB _c23x15 cm. |
||
| 365 |
_c£ _d£9.95 |
||
| 650 |
_aMarxism _917517 |
||
| 650 |
_aSocialism _917518 |
||
| 650 |
_aCommunism _917519 |
||
| 700 |
_aWILCZYNSKI (Jozef) _917520 |
||
| 942 |
_2ddc _cGF |
||
| 999 |
_c221444 _d221444 |
||